| 000 | 00824nam a22002777a 4500 | ||
|---|---|---|---|
| 001 | 200461158 | ||
| 003 | TR-AnTOB | ||
| 005 | 20241015144436.0 | ||
| 008 | 240624b tu ||||| |||| 00| 0 tur d | ||
| 020 | _a9789752107991 | ||
| 040 |
_aTR-AnTOB _beng _erda _cTR-AnTOB |
||
| 041 | _atur | ||
| 092 |
_a759.6 _bBAR 2007 |
||
| 100 |
_qBargallo, Eva _eAuthor. |
||
| 245 |
_aBenim adım... Picasso / _cEva Bargallo ; Türkçesi : Farah Yurdözü ; resimleyen : Violeta Monreal. |
||
| 250 | _a1. bs. | ||
| 260 |
_aİstanbul : _bAltın Kitaplar ; _c2007. |
||
| 300 |
_a61 Pages. : _bill. ; _c20 cm. |
||
| 336 |
_atext _btxt _2rdacontent |
||
| 337 |
_aunmediated _bn _2rdamedia |
||
| 338 |
_avolume _bnc _2rdacarrier |
||
| 653 | _aPicasso, Pablo | ||
| 942 |
_2ddc _cBK |
||
| 999 |
_c200461158 _d79370 |
||